[Event "GER-ch U25 op-A"]
[Site "Willingen"]
[Date "2024.05.19"]
[Round "2"]
[White "Brockhoff, Moritz"]
[Black "Groeschel, Karoline"]
[Result "1/2-1/2"]
[WhiteElo "2013"]
[BlackElo "1952"]
[PlyCount "85"]
[EventDate "2024.05.19"]
[EventType "swiss"]
[EventRounds "9"]
[EventCountry "GER"]
[SourceTitle "EXT 2025"]
[Source "ChessBase"]
[SourceDate "2024.10.14"]
[SourceVersion "1"]
[SourceVersionDate "2024.10.14"]
[SourceQuality "1"]

1. e4 c5 2. Nf3 d6 3. d4 cxd4 4. Nxd4 Nf6 5. Nc3 Nc6 6. f3 e5 7. Nb3 Be6 8. Be3 d5 9. exd5 Nxd5 10. Nxd5 Qxd5 11. Qxd5 Bxd5 12. 0-0-0 0-0-0 13. c4 Be6 14. Rxd8+ Kxd8 15. Nc5 Bc8 16. Bd3 Kc7 17. Na4 Be6 18. Nc3 g6 19. Nd5+ Kb8 20. Bg5 Bg7 21. a3 Na5 22. Be7 b6 23. Kb1 b5 24. Bd6+ Kc8 25. Ne7+ Kd7 26. c5 Bc4 27. Rd1 Ke6 28. Be4 Rd8 29. b4 f5 30. Bd5+ Bxd5 31. Nxd5 Nc4 32. Nc7+ Kf7 33. Nxb5 a6 34. Nc7 Nxa3+ 35. Ka2 Nb5 36. Nxb5 axb5 37. Kb3 Bf8 38. Rd5 Bxd6 39. cxd6 Ke6 40. Rxb5 Rxd6 41. Kc3 e4 42. fxe4 fxe4 43. Rb8 1/2-1/2

[Event "GER-chT Christmas U20"]
[Site "Playchess.com INT"]
[Date "2020.12.29"]
[Round "5.2"]
[White "Brockhoff, Moritz"]
[Black "Sieber, Fiona"]
[Result "1-0"]
[WhiteElo "1985"]
[BlackElo "2275"]
[PlyCount "109"]
[EventDate "2020.12.29"]
[EventType "team-swiss (blitz)"]
[EventRounds "7"]
[EventCountry "GER"]
[SourceTitle "CBM 200 Extra"]
[Source "ChessBase"]
[SourceDate "2021.03.31"]
[SourceVersion "1"]
[SourceVersionDate "2021.03.31"]
[SourceQuality "1"]
[WhiteTeam "Paderborn Blauer Springer"]
[BlackTeam "Magdeburg Aufbau Elbe"]
[WhiteTeamCountry "GER"]
[BlackTeamCountry "GER"]

1. e4 c5 2. b4 cxb4 3. a3 Nc6 4. axb4 e5 5. b5 Nd4 6. c3 Ne6 7. Nf3 Nf6 8. Nxe5 Nxe4 9. d4 d6 10. Nf3 Be7 11. Bd3 d5 12. 0-0 0-0 13. c4 N6g5 14. Nxg5 Nxg5 15. c5 Bd7 16. Nc3 Be6 17. f4 Ne4 18. Nxe4 dxe4 19. Bxe4 Bd5 20. Bxd5 Qxd5 21. Be3 Bf6 22. Qf3 Rfd8 23. Qxd5 Rxd5 24. Ra4 Re8 25. Kf2 g5 26. fxg5 Rf5+ 27. Kg1 Rxf1+ 28. Kxf1 Bg7 29. Kf2 f6 30. gxf6 Bxf6 31. Rxa7 Rf8 32. Ke2 Re8 33. Kd3 Rb8 34. Bf4 Rd8 35. Be3 Rb8 36. Ra1 Kf7 37. Re1 Ra8 38. Ke4 Ra2 39. Rg1 Re2 40. Kf3 Rb2 41. b6 Ke6 42. Ke4 Rb4 43. g4 Rb2 44. g5 Be7 45. h4 Rh2 46. Rg4 Kd7 47. Kd5 Rh3 48. Bf4 Bf8 49. Be5 Rf3 50. Rf4 Rxf4 51. Bxf4 Bg7 52. Be5 Bf8 53. Bf6 Kc8 54. Ke6 Kb8 55. Kf7 1-0

[Event "GER-chT Christmas U20"]
[Site "Playchess.com INT"]
[Date "2020.12.29"]
[Round "4.2"]
[White "Lohmann, Dominik"]
[Black "Brockhoff, Moritz"]
[Result "0-1"]
[WhiteElo "1786"]
[BlackElo "1985"]
[PlyCount "26"]
[EventDate "2020.12.29"]
[EventType "team-swiss (blitz)"]
[EventRounds "7"]
[EventCountry "GER"]
[SourceTitle "CBM 200 Extra"]
[Source "ChessBase"]
[SourceDate "2021.03.31"]
[SourceVersion "1"]
[SourceVersionDate "2021.03.31"]
[SourceQuality "1"]
[WhiteTeam "Leipheim"]
[BlackTeam "Paderborn Blauer Springer"]
[WhiteTeamCountry "GER"]
[BlackTeamCountry "GER"]

1. e4 e5 2. Nf3 Nf6 3. Nxe5 Nc6 4. Nxc6 dxc6 5. Nc3 Bc5 6. Bc4 Ng4 7. d4 Bxd4 8. 0-0 Qh4 9. h3 Bxf2+ 10. Rxf2 Qxf2+ 11. Kh1 h5 12. Qg1 Qg3 13. Ne2 Nf2+ 0-1

[Event "GER-chT U16"]
[Site "Magdeburg"]
[Date "2019.12.28"]
[Round "3.5"]
[White "Burian, Simon"]
[Black "Brockhoff, Moritz"]
[Result "1-0"]
[WhiteElo "2149"]
[BlackElo "2014"]
[PlyCount "51"]
[EventDate "2019.12.27"]
[EventType "team-swiss"]
[EventRounds "7"]
[EventCountry "GER"]
[SourceTitle "CBM 194 Extra"]
[Source "ChessBase"]
[SourceDate "2020.03.31"]
[SourceVersion "1"]
[SourceVersionDate "2020.03.31"]
[SourceQuality "1"]
[WhiteTeam "Plauen Koenig"]
[BlackTeam "Paderborn Blauer Springer"]
[WhiteTeamCountry "GER"]
[BlackTeamCountry "GER"]

1. e4 d6 2. d4 Nf6 3. Nc3 g6 4. f4 Bg7 5. Nf3 c5 6. dxc5 Qa5 7. Bd3 Qxc5 8. Qe2 0-0 9. Bd2 a6 10. 0-0-0 b5 11. e5 dxe5 12. Ne4 Qc7 13. fxe5 Nxe4 14. Bxe4 Bb7 15. Bxb7 Qxb7 16. e6 f5 17. h4 b4 18. h5 Rc8 19. hxg6 b3 20. gxh7+ Kh8 21. axb3 Nc6 22. Bc3 Bf6 23. Ng5 Nb4 24. Nf7+ Kg7 25. Kb1 Rxc3 26. Qh5 1-0

[Event "GER-chT U12"]
[Site "Magdeburg"]
[Date "2015.12.29"]
[Round "6.2"]
[White "Brockhoff, Moritz"]
[Black "Nguyen, Alex Dac Vuong"]
[Result "0-1"]
[WhiteElo "1497"]
[BlackElo "1787"]
[PlyCount "104"]
[EventDate "2015.12.27"]
[EventType "team-swiss"]
[EventRounds "7"]
[EventCountry "GER"]
[SourceTitle "EXT 2017"]
[Source "ChessBase"]
[SourceDate "2016.10.25"]
[SourceVersion "1"]
[SourceVersionDate "2016.10.25"]
[SourceQuality "1"]
[WhiteTeam "Paderborn Blauer Springer"]
[BlackTeam "Leipzig Gruen Weiss"]
[WhiteTeamCountry "GER"]
[BlackTeamCountry "GER"]

1. d4 Nf6 2. c4 g6 3. Nc3 d5 4. Bf4 Bg7 5. Nf3 0-0 6. e3 dxc4 7. Bxc4 c5 8. Nb5 Na6 9. Ne5 Bd7 10. Qb3 Qa5+ 11. Nc3 Be8 12. 0-0 cxd4 13. exd4 Qb6 14. Rad1 Qxb3 15. Bxb3 Nb4 16. Rfe1 Rd8 17. Nf3 e6 18. Bc7 Rd7 19. Nb5 a6 20. Bd6 Rxd6 21. Nxd6 Bc6 22. Ne5 Bd5 23. Bxd5 Nfxd5 24. Nxb7 Rb8 25. Nd6 Nxa2 26. Rd2 Bf8 27. Nec4 Rd8 28. Nb7 Rc8 29. Nc5 Bxc5 30. dxc5 Rxc5 31. Ne3 Ndb4 32. g3 Nc1 33. Red1 Nb3 34. Rd8+ Kg7 35. Rb8 a5 36. Rdd8 Rc1+ 37. Kg2 Kf6 38. Rb5 h5 39. Rd7 Nc5 40. Rc7 Nbd3 41. Rxa5 Ne1+ 42. Kh3 Ncd3 43. Nd5+ exd5 44. Ra6+ Kg5 45. f4+ Kh6 46. g4 Rxc7 47. gxh5 Nxf4+ 48. Kg3 Nxh5+ 49. Kh4 Rc4+ 50. Kh3 Kg5 51. Ra4 Rxa4 52. b4 Ra3# 0-1

[Event "GER-chT U12"]
[Site "Verden"]
[Date "2014.12.28"]
[Round "3.3"]
[White "Brockhoff, Moritz"]
[Black "Breitzmann, Sander"]
[Result "0-1"]
[WhiteElo "1447"]
[BlackElo "1410"]
[PlyCount "40"]
[EventDate "2014.12.27"]
[EventType "team-swiss"]
[EventRounds "7"]
[EventCountry "GER"]
[SourceTitle "EXT 2016"]
[Source "ChessBase"]
[SourceDate "2015.10.08"]
[SourceVersion "1"]
[SourceVersionDate "2015.10.08"]
[SourceQuality "1"]
[WhiteTeam "Paderborn"]
[BlackTeam "Berlin Empor"]
[WhiteTeamCountry "GER"]
[BlackTeamCountry "GER"]

1. d4 Nf6 2. Nf3 c5 3. c3 d5 4. Bf4 Nc6 5. e3 Bg4 6. h3 Bh5 7. Be2 e6 8. Nbd2 Be7 9. 0-0 0-0 10. Qc2 c4 11. e4 Bg6 12. Rfe1 Nxe4 13. Nxe4 Bxe4 14. Qd1 h6 15. Ne5 Nxe5 16. dxe5 Bc5 17. Bxc4 Qh4 18. Bg3 Qxg3 19. Bf1 Bxf2+ 20. Kh1 Qxh3# 0-1

[Event "GER-chT U12"]
[Site "Verden"]
[Date "2014.12.27"]
[Round "2.3"]
[White "Henning, Marvin"]
[Black "Brockhoff, Moritz"]
[Result "1/2-1/2"]
[WhiteElo "1651"]
[BlackElo "1447"]
[PlyCount "87"]
[EventDate "2014.12.27"]
[EventType "team-swiss"]
[EventRounds "7"]
[EventCountry "GER"]
[SourceTitle "EXT 2016"]
[Source "ChessBase"]
[SourceDate "2015.10.08"]
[SourceVersion "1"]
[SourceVersionDate "2015.10.08"]
[SourceQuality "1"]
[WhiteTeam "Halle Reideburg"]
[BlackTeam "Paderborn"]
[WhiteTeamCountry "GER"]
[BlackTeamCountry "GER"]

1. d4 Nf6 2. g3 g6 3. Bg2 Bg7 4. Nf3 d6 5. 0-0 0-0 6. c3 Re8 7. Re1 Nbd7 8. e4 e5 9. Nbd2 b6 10. b4 c6 11. Nc4 Qc7 12. dxe5 dxe5 13. Qd6 Qxd6 14. Nxd6 Rd8 15. Bg5 h6 16. Bxf6 Bxf6 17. Nxc8 Raxc8 18. Bh3 c5 19. b5 c4 20. Rad1 Rc7 21. Rd5 Nc5 22. Rxd8+ Bxd8 23. Nxe5 Nd3 24. Nxd3 cxd3 25. Rd1 Rxc3 26. Bf1 Kg7 27. Rxd3 Rxd3 28. Bxd3 Kf6 29. Bc4 Ke7 30. Bd5 f6 31. Kg2 Kd6 32. f4 Bc7 33. Kf3 Kc5 34. Bc6 Kd4 35. g4 g5 36. fxg5 hxg5 37. h3 Bf4 38. h4 Bd6 39. h5 Bf8 40. Ke2 Ke5 41. Kf3 Kd4 42. Ke2 Ke5 43. Kf3 Kd4 44. Ke2 1/2-1/2

[Event "GER-chT U10"]
[Site "Magdeburg"]
[Date "2013.12.28"]
[Round "4.2"]
[White "Breitzmann, Sander"]
[Black "Brockhoff, Moritz"]
[Result "0-1"]
[WhiteElo "1411"]
[BlackElo "1258"]
[PlyCount "92"]
[EventDate "2013.12.27"]
[EventType "team-swiss"]
[EventRounds "5"]
[EventCountry "GER"]
[SourceTitle "EXT 2015"]
[Source "ChessBase"]
[SourceDate "2014.11.20"]
[SourceVersion "1"]
[SourceVersionDate "2014.11.20"]
[SourceQuality "1"]
[WhiteTeam "Berlin Empor"]
[BlackTeam "Paderborn"]
[WhiteTeamCountry "GER"]
[BlackTeamCountry "GER"]

1. e4 e6 2. d4 d5 3. Nc3 dxe4 4. Nxe4 Nd7 5. Bd3 Ngf6 6. Ng3 Be7 7. Nf3 0-0 8. 0-0 b6 9. c3 Bb7 10. Qc2 h6 11. Bd2 c5 12. Be3 Rc8 13. Ne5 Nxe5 14. dxe5 Qd5 15. f4 c4 16. Bxc4 Rxc4 17. exf6 Bxf6 18. Rad1 Qc6 19. Rd2 Bxc3 20. bxc3 Rxc3 21. Qb2 Rxe3 22. f5 Qc5 23. Kh1 Ba6 24. Nh5 e5 25. Rc2 Qb5 26. Qxb5 Bxb5 27. Rfc1 g6 28. Ng3 Re8 29. Rc3 Rxc3 30. Rxc3 Rd8 31. h3 Rd3 32. Rb3 Rxb3 33. axb3 Bd3 34. fxg6 fxg6 35. b4 a5 36. bxa5 bxa5 37. Kg1 a4 38. Nh1 a3 39. Nf2 Bc2 40. Ng4 a2 41. Nxh6+ Kh7 42. Ng4 a1Q+ 43. Kf2 Qd4+ 44. Kg3 Qf4+ 45. Kh4 g5+ 46. Kh5 Bg6# 0-1

[Event "GER-chT U10"]
[Site "Magdeburg"]
[Date "2013.12.28"]
[Round "3.2"]
[White "Brockhoff, Moritz"]
[Black "Haufe, Laurin"]
[Result "1-0"]
[WhiteElo "1258"]
[BlackElo "1254"]
[PlyCount "59"]
[EventDate "2013.12.27"]
[EventType "team-swiss"]
[EventRounds "5"]
[EventCountry "GER"]
[SourceTitle "EXT 2015"]
[Source "ChessBase"]
[SourceDate "2014.11.20"]
[SourceVersion "1"]
[SourceVersionDate "2014.11.20"]
[SourceQuality "1"]
[WhiteTeam "Paderborn"]
[BlackTeam "Leipzig Gruen Weiss"]
[WhiteTeamCountry "GER"]
[BlackTeamCountry "GER"]

1. d4 Nf6 2. Nf3 d5 3. Bf4 Bf5 4. e3 e6 5. Bd3 Bg6 6. Qe2 Bd6 7. Bg3 Qe7 8. Nbd2 Nbd7 9. 0-0 c5 10. c3 c4 11. Bxg6 hxg6 12. e4 Bxg3 13. fxg3 dxe4 14. Nxe4 Nxe4 15. Qxe4 Nf6 16. Qe2 Rc8 17. Ne5 b5 18. a4 a6 19. axb5 axb5 20. b3 Qc7 21. bxc4 bxc4 22. Qxc4 Qxc4 23. Nxc4 Nd5 24. Nd6+ Kd7 25. Nxc8 Rxc8 26. Rxf7+ Ke8 27. Rxg7 Ne7 28. Ra7 Rxc3 29. Rgxe7+ Kf8 30. Rg7 1-0

[Event "GER-chT U10"]
[Site "Magdeburg"]
[Date "2013.12.27"]
[Round "2.2"]
[White "Block, Timo"]
[Black "Brockhoff, Moritz"]
[Result "0-1"]
[WhiteElo "930"]
[BlackElo "1258"]
[PlyCount "60"]
[EventDate "2013.12.27"]
[EventType "team-swiss"]
[EventRounds "5"]
[EventCountry "GER"]
[SourceTitle "EXT 2015"]
[Source "ChessBase"]
[SourceDate "2014.11.20"]
[SourceVersion "1"]
[SourceVersionDate "2014.11.20"]
[SourceQuality "1"]
[WhiteTeam "Bremen Ost"]
[BlackTeam "Paderborn"]
[WhiteTeamCountry "GER"]
[BlackTeamCountry "GER"]

1. e4 e6 2. d4 d5 3. e5 c5 4. Nf3 Qb6 5. Nc3 a6 6. Be2 Nc6 7. Be3 Qxb2 8. Bd2 Nxd4 9. Nxd4 cxd4 10. Na4 Qa3 11. Nb6 Rb8 12. 0-0 Bc5 13. Nxc8 Rxc8 14. g3 Ne7 15. Bd3 Nc6 16. Re1 Nb4 17. Bxb4 Bxb4 18. Rf1 Bc3 19. Rb1 b5 20. Qe2 Qxa2 21. Qd1 b4 22. Rb3 a5 23. Bb5+ Kf8 24. Ba6 Ra8 25. Qe2 a4 26. Rbb1 b3 27. Bb7 Ra7 28. Bc6 g6 29. cxb3 Qxe2 30. bxa4 Qxe5 0-1

[Event "GER-chT U10"]
[Site "Magdeburg"]
[Date "2012.12.28"]
[Round "5.4"]
[White "Nguyen, Alex Dac Vuong"]
[Black "Brockhoff, Moritz"]
[Result "0-1"]
[WhiteElo "1140"]
[BlackElo "1054"]
[PlyCount "65"]
[EventDate "2012.12.27"]
[EventType "team-swiss"]
[EventRounds "7"]
[EventCountry "GER"]
[SourceTitle "EXT 2014"]
[Source "ChessBase"]
[SourceDate "2013.11.20"]
[SourceVersion "1"]
[SourceVersionDate "2013.11.20"]
[SourceQuality "1"]
[WhiteTeam "Leipzig BSG"]
[BlackTeam "Paderborn Blauer Springer"]
[WhiteTeamCountry "GER"]
[BlackTeamCountry "GER"]

1. e4 e6 2. d4 d5 3. exd5 exd5 4. Bd3 Bd6 5. c3 Ne7 6. Nf3 Bg4 7. h3 Bh5 8. g4 Bg6 9. Bg5 f6 10. Bh4 Nbc6 11. Na3 Qd7 12. Nc2 0-0-0 13. Qd2 Rde8 14. 0-0-0 Be4 15. Bxe4 dxe4 16. Nh2 Ng6 17. Bg3 Bxg3 18. fxg3 f5 19. Ne3 Rhf8 20. gxf5 Nge7 21. g4 Nd5 22. Rhe1 Qd6 23. Rh1 Nxe3 24. Qxe3 Na5 25. Qe2 Qf4+ 26. Kb1 e3 27. Rdf1 Qe4+ 28. Kc1 Rf6 29. Nf3 Ra6 30. b3 Rc6 31. c4 Rb6 32. Ng5 Qc6 33. Ne6 0-1